(A book of proverbs) (Record no. 6918)
[ view plain ]
| 000 -LEADER | |
|---|---|
| fixed length control field | 01297nam a2200313Ii 4500 |
| 001 - CONTROL NUMBER | |
| control field | 501316570 |
| 003 - CONTROL NUMBER IDENTIFIER | |
| control field | OCoLC |
| 005 - DATE AND TIME OF LATEST TRANSACTION | |
| control field | 20190121174200.0 |
| 006 - FIXED-LENGTH DATA ELEMENTS--ADDITIONAL MATERIAL CHARACTERISTICS | |
| fixed length control field | m d |
| 007 - PHYSICAL DESCRIPTION FIXED FIELD--GENERAL INFORMATION | |
| fixed length control field | cr un||||||||| |
| 008 - FIXED-LENGTH DATA ELEMENTS--GENERAL INFORMATION | |
| fixed length control field | 100122s1565 enka s 000 p eng d |
| 035 ## - SYSTEM CONTROL NUMBER | |
| System control number | .b67666000 |
| 040 ## - CATALOGING SOURCE | |
| Original cataloging agency | OSU |
| Transcribing agency | OSU |
| Modifying agency | UtOrBLW |
| 049 ## - LOCAL HOLDINGS (OCLC) | |
| Holding library | OH1A |
| 082 ## - DEWEY DECIMAL CLASSIFICATION NUMBER | |
| Classification number | 398.9 |
| Item number | R816B |
| 100 1# - MAIN ENTRY--PERSONAL NAME | |
| Personal name | Hall, John, |
| Dates associated with a name | 1529 or 1530-1568 or 1569 |
| 245 13 - TITLE STATEMENT | |
| Title | (A book of proverbs) |
| Medium | [electronic resource] / |
| Statement of responsibility, etc. | John Hall |
| 260 ## - PUBLICATION, DISTRIBUTION, ETC. | |
| Place of publication, distribution, etc. | [London : |
| Name of publisher, distributor, etc. | s.n.], |
| Date of publication, distribution, etc. | 1565 |
| 300 ## - PHYSICAL DESCRIPTION | |
| Extent | [109] p |
| 500 ## - GENERAL NOTE | |
| General note | Majority of verse reproduced elsewhere in English Poetry; only unique items included |
| 500 ## - GENERAL NOTE | |
| General note | Originally published in print in: Hall, John, b. 1529 or 30. [A book of proverbs]. [London] : s.n., 1565. [109] p |
| 506 ## - RESTRICTIONS ON ACCESS NOTE | |
| Terms governing access | Available to OhioLINK libraries |
| 533 ## - REPRODUCTION NOTE | |
| Type of reproduction | Electronic reproduction. |
| Place of reproduction | Cambridge : |
| Agency responsible for reproduction | Chadwyck-Healey, |
| Date of reproduction | c1992. |
| Note about reproduction | System requirements: Internet browser. |
| -- | Mode of access: World Wide Web. |
| -- | Title from title screen; description based on content as of Nov. 17, 2009 |
| 655 #7 - INDEX TERM--GENRE/FORM | |
| Genre/form data or focus term | Online resources. |
| Source of term | local |
| 710 2# - ADDED ENTRY--CORPORATE NAME | |
| Corporate name or jurisdiction name as entry element | Ohio Library and Information Network |
| 773 0# - HOST ITEM ENTRY | |
| Title | English poetry database |
| Record control number | (OCoLC)37016913 |
| 856 40 - ELECTRONIC LOCATION AND ACCESS | |
| Uniform Resource Identifier | <a href="http://rave.ohiolink.edu/ebooks/ebc/11887">http://rave.ohiolink.edu/ebooks/ebc/11887</a> |
| Public note | Connect to resource |
| 942 ## - ADDED ENTRY ELEMENTS (KOHA) | |
| Source of classification or shelving scheme | Dewey Decimal Classification |
| Koha item type | Books |
| Withdrawn status | Lost status | Source of classification or shelving scheme | Damaged status | Not for loan | Collection code | Home library | Current library | Shelving location | Date acquired | Cost, normal purchase price | Total Checkouts | Full call number | Barcode | Date last seen | Price effective from | Koha item type |
|---|---|---|---|---|---|---|---|---|---|---|---|---|---|---|---|---|
| Dewey Decimal Classification | Non-fiction | Harvest Mission College | Harvest Mission College | General Stacks | 21.01.2019 | 850.00 | 398.9 R816B | 007772 | 21.01.2019 | 21.01.2019 | Books |
